The WHO manual of diagnostic imaging: (Record no. 2640)
[ view plain ]
| 000 -LEADER | |
|---|---|
| fixed length control field | 00730nam a22002057a 4500 |
| 003 - CONTROL NUMBER IDENTIFIER | |
| control field | OSt |
| 005 - DATE AND TIME OF LATEST TRANSACTION | |
| control field | 20220624162742.0 |
| 008 - FIXED-LENGTH DATA ELEMENTS--GENERAL INFORMATION | |
| fixed length control field | 160423b xxu||||| |||| 00| 0 eng d |
| 020 ## - INTERNATIONAL STANDARD BOOK NUMBER | |
| International Standard Book Number | 9241545550 |
| 040 ## - CATALOGING SOURCE | |
| Transcribing agency | The WHO manual of diagnostic imaging:radiographic anatomy and interpretation of the musculoskeletal system |
| Original cataloging agency | ЭМШУТНС |
| 082 ## - DEWEY DECIMAL CLASSIFICATION NUMBER | |
| Classification number | 616.075 72 |
| Item number | D 26 |
| 100 ## - MAIN ENTRY--PERSONAL NAME | |
| Personal name | Davies A. Mark. |
| 9 (RLIN) | 38 |
| 245 ## - TITLE STATEMENT | |
| Title | The WHO manual of diagnostic imaging: |
| Remainder of title | Radiographic anatomy and interpretation of the musculoskeletal system. |
| 260 ## - PUBLICATION, DISTRIBUTION, ETC. | |
| Place of publication, distribution, etc. | Malta: |
| Name of publisher, distributor, etc. | WHO., |
| Date of publication, distribution, etc. | 2002. |
| 300 ## - PHYSICAL DESCRIPTION | |
| Extent | 203p. |
| 546 ## - LANGUAGE NOTE | |
| Хэл | english |
| 650 ## - SUBJECT ADDED ENTRY--TOPICAL TERM | |
| Topical term or geographic name entry element | Radiographic |
| General subdivision | anatomy |
| 9 (RLIN) | 56395 |
| Topical term or geographic name entry element | Radiographic |
| General subdivision | musculoskeletal system. |
| 9 (RLIN) | 56396 |
| 942 ## - ADDED ENTRY ELEMENTS (KOHA) | |
| Source of classification or shelving scheme | Dewey Decimal Classification |
| Koha item type | Сурах бичиг |
| Date last seen | Inventory number | Total Checkouts | Full call number | Barcode | Date last checked out | Price effective from | Non-public note | Koha item type | Public note | Lost status | Source of classification or shelving scheme | Damaged status | Not for loan | Withdrawn status | Home library | Current library | Shelving location | Date acquired | Cost, normal purchase price |
|---|---|---|---|---|---|---|---|---|---|---|---|---|---|---|---|---|---|---|---|
| 10/09/2019 | 501 | 616.075 72 | ATNS-SSUFE000429 | 08/17/2017 | Сурах бичиг | Dewey Decimal Classification | Сувилахуйн номын сан | Сувилахуйн номын сан | Үндсэн фонд | 10/09/2019 | 2000.00 | ||||||||
| 10/09/2019 | 502 | 616.075 72 | ATNS-SSUFE000430 | 08/17/2017 | Сурах бичиг | Dewey Decimal Classification | Сувилахуйн номын сан | Сувилахуйн номын сан | Үндсэн фонд | 10/09/2019 | 2000.00 | ||||||||
| 03/31/2023 | 934 | 2 | 616.075 72 | ATNS-FB01108 | 03/17/2023 | 04/23/2016 | тоолов | Сурах бичиг | 2017.06.21 | 2018.08.14 | 2019.06.17 | 2020.08.25 | 2022.09 | 2023.09.18 | 2024.06.24 | Dewey Decimal Classification | Төв Номын Сан | Төв Номын Сан | Гадаад уншлагын танхим №1 | 04/23/2016 | 2030.00 | ||||
| 09/14/2017 | 5374 | 616.075 72 | ATNS-G00616 | 09/14/2017 | тоолов | Сурах бичиг | 2020.09.17 | 2023.08.28 | 2024.1.18 | Dewey Decimal Classification | Эрдэм шинжилгээний номын сан | Эрдэм шинжилгээний номын сан | Сурах бичгийн фонд №2 | 09/14/2017 | 2000.00 |